Central Library OPAC University of Rajshahi

The art of Simenon / (Record no. 22179)

MARC details
000 -LEADER
fixed length control field 00714cam a22002412a 4500
001 - CONTROL NUMBER
control field 22179
003 - CONTROL NUMBER IDENTIFIER
rucl marc code BD-RjUL
005 - DATE AND TIME OF LATEST TRANSACTION
control field 20211209000757.0
008 - FIXED-LENGTH DATA ELEMENTS--GENERAL INFORMATION
fixed length control field 140306s19521950enk 000 0 eng d
035 ## - SYSTEM CONTROL NUMBER
System control number (BD-RjUL) 22244
040 ## - CATALOGING SOURCE
Original cataloging agency DLC
Transcribing agency FHM
Modifying agency UKM
-- BD-RjUL
Language of cataloging eng
041 1# - LANGUAGE CODE
Language code of text/sound track or separate title engfre
082 ## - DEWEY DECIMAL CLASSIFICATION NUMBER
Classification number 843.91
Author mark and year NAA 1952
100 1# - MAIN ENTRY--PERSONAL NAME
Personal name Narcejac, Thomas,
Dates associated with a name 1908-1998.
9 (RLIN) 68448
245 14 - TITLE STATEMENT
Title The art of Simenon /
Statement of responsibility, etc. Thomas Narcejac
260 ## - PUBLICATION, DISTRIBUTION, ETC. (IMPRINT)
Place of publication, distribution, etc. London :
Name of publisher, distributor, etc. Routledge & Paul,
Date of publication, distribution, etc. 1952.
300 ## - PHYSICAL DESCRIPTION
Pagination 178 p. ;
Size 19 cm
600 10 - SUBJECT ADDED ENTRY--PERSONAL NAME
Personal name Simenon, Georges,
Dates associated with a name 1903-1989
General subdivision Criticism and interpretation.
650 ## - SUBJECT ADDED ENTRY--TOPICAL TERM
Topical term or geographic name as entry element Narcejac, Thomas,
9 (RLIN) 68450
942 ## - ADDED ENTRY ELEMENTS (KOHA)
Source of classification or shelving scheme Dewey Decimal Classification
Koha item type Books
Holdings
Lost status Source of classification or shelving scheme Damaged status Not for loan Collection code Permanent Location Current Location Shelving location Date acquired Source of acquisition Cost, normal purchase price Total Checkouts Full call number Date last seen Copy number Koha item type
  Dewey Decimal Classification   Added to bundle Fiction Central Library, University of Rajshahi Central Library, University of Rajshahi Reading Room 07/06/1955 Allies Books Cor. 5.00   843.91 NAA 1952 06/03/2014 C-1 Books